Pokémon 1G-4G - Statistiques

Statistiques générales
  • Ce quiz a été pris 59 fois
  • Le résultat moyen est 336 sur 493
Statistiques - réponses
Par images Réponse % Correct
Bulbizarre
96%
Salamèche
96%
Carabaffe
94%
Carapuce
94%
Dracaufeu
94%
Florizarre
94%
Reptincel
94%
Tortank
94%
Aspicot
92%
Chenipan
92%
Feunard
92%
Goupix
92%
Herbizarre
92%
Mélofée
92%
Mystherbe
92%
Nidoran
92%
Nidorina
92%
Nosferalto
92%
Nosferapti
92%
Pikachu
92%
Raichu
92%
Rattata
92%
Rattatac
92%
Rondoudou
92%
Roucarnage
92%
Roucool
92%
Roucoups
92%
Abra
90%
Alakazam
90%
Arbok
90%
Arcanin
90%
Canarticho
90%
Chrysacier
90%
Dardargnan
90%
Doduo
90%
Ectoplasma
90%
Grolem
90%
Grotadmorv
90%
Machoc
90%
Machopeur
90%
Magnéti
90%
Mélodelfe
90%
Miaouss
90%
Nidoking
90%
Nidoqueen
90%
Nidoran
90%
Nidorino
90%
Onix
90%
Ponyta
90%
Racaillou
90%
Ramoloss
90%
Sabelette
90%
Taupiqueur
90%
Abo
88%
Akwakwak
88%
Caninos
88%
Colossinge
88%
Grodoudou
88%
Kadabra
88%
Kicklee
88%
Magnéton
88%
Ossatueur
88%
Papilusion
88%
Persian
88%
Psykokwak
88%
Ptitard
88%
Rhinocorne
88%
Sablaireau
88%
Smogo
88%
Smogogo
88%
Tadmorv
88%
Tentacool
88%
Tentacruel
88%
Triopikeur
88%
Voltorbe
88%
Boustiflor
86%
Fantominus
86%
Ferosinge
86%
Gravalanch
86%
Leveinard
86%
Mackogneur
86%
Osselait
86%
Paras
86%
Parasect
86%
Têtarte
86%
Coconfort
84%
Électrode
84%
Excelangue
84%
Galopa
84%
Hypotrempe
84%
Kangourex
84%
Krabboss
84%
Piafabec
84%
Rhinoféros
84%
Spectrum
84%
Stari
84%
Aquali
82%
Chétiflor
82%
Dodrio
82%
Draco
82%
Évoli
82%
Flagadoss
82%
Hypocéan
82%
Krabby
82%
Léviator
82%
Magicarpe
82%
Métamorph
82%
Mimitoss
82%
Noadkoko
82%
Noeunoeuf
82%
Pyroli
82%
Rafflesia
82%
Tartard
82%
Voltali
82%
Crustabri
80%
Dracolosse
80%
Empiflor
80%
Insécateur
80%
Lippoutou
80%
Lokhlass
80%
Magmar
80%
Mew
80%
Mewtwo
80%
Minidraco
80%
Ortide
80%
Otaria
80%
Rapasdepic
80%
Ronflex
80%
Saquedeneu
80%
Staross
80%
Tauros
80%
Aéromite
78%
Artikodin
78%
Hypnomade
78%
Kokiyas
78%
Lamantine
78%
Mélo
78%
M.Mime
78%
Poissoroy
78%
Porygon
78%
Ptéra
78%
Scarabrute
78%
Soporifik
78%
Sulfura
78%
Tygnon
78%
Azumarill
76%
Électhor
76%
Élektek
76%
Mentali
76%
Noctali
76%
Pichu
76%
Aligatueur
74%
Amonistar
74%
Amonita
74%
Cornèbre
74%
Feurisson
74%
Germignon
74%
Héricendre
74%
Kabuto
74%
Kabutops
74%
Marill
74%
Natu
74%
Nostenfer
74%
Togepi
74%
Togetic
74%
Typhlosion
74%
Wattouat
74%
Axoloto
72%
Capumain
72%
Coxyclaque
72%
Feuforêve
72%
Girafarig
72%
Hoothoot
72%
Joliflor
72%
Lanturn
72%
Méganium
72%
Pharamp
72%
Poussifeu
72%
Qulbutoké
72%
Scorplane
72%
Simularbre
72%
Steelix
72%
Yanma
72%
Zarbi
72%
Arcko
70%
Cizayox
70%
Coxy
70%
Flobio
70%
Fouinette
70%
Galifeu
70%
Granivol
70%
Hyporoi
70%
Insolourdo
70%
Kaiminus
70%
Lainergie
70%
Loupio
70%
Maraiste
70%
Noarfang
70%
Qwilfish
70%
Roigada
70%
Ursaring
70%
Xatu
70%
Braségali
68%
Celebi
68%
Chenipotte
68%
Cotovol
68%
Crocrodil
68%
Fouinar
68%
Gardevoir
68%
Gobou
68%
Héliatronc
68%
Ho-Oh
68%
Jungko
68%
Laggron
68%
Lugia
68%
Macronium
68%
Migalos
68%
Négapi
68%
Pomdepik
68%
Porygon2
68%
Posipi
68%
Suicune
68%
Barpau
66%
Bekipan
66%
Caratroc
66%
Démolosse
66%
Entei
66%
Floravol
66%
Kirlia
66%
Kraknoix
66%
Limagma
66%
Mimigal
66%
Raikou
66%
Rosélia
66%
Sharpedo
66%
Skitty
66%
Tarsal
66%
Ténéfix
66%
Toudoudou
66%
Tyranocif
66%
Zigzaton
66%
Airmure
64%
Armulys
64%
Azurill
64%
Barbicha
64%
Blindalys
64%
Cerfrousse
64%
Chapignon
64%
Cochignon
64%
Écrémeuh
64%
Élekid
64%
Embrylex
64%
Farfuret
64%
Foretress
64%
Grahyèna
64%
Hélédelle
64%
Magby
64%
Malosse
64%
Massko
64%
Medhyèna
64%
Munja
64%
Ninjask
64%
Octillery
64%
Ouisticram
64%
Phanpy
64%
Solaroc
64%
Tarinor
64%
Tarpaud
64%
Teddiursa
64%
Tiplouf
64%
Tournegrin
64%
Volcaropod
64%
Wailmer
64%
Wailord
64%
Altaria
62%
Arakdo
62%
Arceus
62%
Cadoizo
62%
Charmillon
62%
Chuchmur
62%
Corayon
62%
Delcatty
62%
Démanta
62%
Dynavolt
62%
Goélise
62%
Grainipiot
62%
Granbull
62%
Kapoera
62%
Leuphorie
62%
Libégon
62%
Linéon
62%
Lippouti
62%
Lombre
62%
Lucario
62%
Luxio
62%
Mangriff
62%
Marcacrin
62%
Maskadra
62%
Méditikka
62%
Milobellus
62%
Nénupiot
62%
Nirondelle
62%
Parecool
62%
Poissirène
62%
Queulorior
62%
Rémoraid
62%
Snubbull
62%
Spoink
62%
Tengalice
62%
Ymphect
62%
Apitrini
60%
Blizzaroi
60%
Cacturne
60%
Carchacrok
60%
Chartor
60%
Darkrai
60%
Debugant
60%
Dialga
60%
Donphan
60%
Élecsprint
60%
Étourmi
60%
Étourvol
60%
Galekid
60%
Galeking
60%
Gloupti
60%
Hariyama
60%
Ludicolo
60%
Luxray
60%
Monaflèmit
60%
Morphéo
60%
Motisma
60%
Moufouette
60%
Papinox
60%
Pingoléon
60%
Porygon-Z
60%
Ramboum
60%
Regigigas
60%
Riolu
60%
Scorvol
60%
Torterra
60%
Tortipouss
60%
Absol
58%
Apireine
58%
Archéodong
58%
Balignon
58%
Baudrive
58%
Brouhabam
58%
Cacnea
58%
Camérupt
58%
Chaffreux
58%
Chamallot
58%
Charmina
58%
Chimpenfeu
58%
Colhomard
58%
Créfollet
58%
Écrapince
58%
Étouraptor
58%
Galegon
58%
Gallame
58%
Giratina
58%
Givrali
58%
Grodrive
58%
Groudon
58%
Kyogre
58%
Latias
58%
Latios
58%
Lilia
58%
Lixy
58%
Mime Jr.
58%
Mustébouée
58%
Mysdibule
58%
Pachirisu
58%
Palkia
58%
Phyllali
58%
Pifeuil
58%
Prinplouf
58%
Rayquaza
58%
Séléroc
58%
Séviper
58%
Shaymin
58%
Simiabraz
58%
Spinda
58%
Togekiss
58%
Vibraninf
58%
Vigoroth
58%
Armaldo
56%
Avaltout
56%
Blizzi
56%
Capidextre
56%
Carvanha
56%
Castorno
56%
Ceribou
56%
Chaglam
56%
Créfadet
56%
Deoxys
56%
Drattak
56%
Groret
56%
Jirachi
56%
Kaorine
56%
Kecleon
56%
Keunotor
56%
Laporeille
56%
Lumivole
56%
Magirêve
56%
Magnézone
56%
Makuhita
56%
Moufflair
56%
Muciole
56%
Mustéflott
56%
Ningale
56%
Roserade
56%
Skelénox
56%
Anorith
54%
Archéomire
54%
Balbuto
54%
Barloche
54%
Boskara
54%
Bouldeneu
54%
Carmache
54%
Ceriflor
54%
Corboss
54%
Créhelf
54%
Goinfrex
54%
Griknot
54%
Heatran
54%
Manaphy
54%
Métalosse
54%
Oniglali
54%
Pijako
54%
Regice
54%
Regirock
54%
Registeel
54%
Sancoki
54%
Stalgamin
54%
Tarinorme
54%
Terhal
54%
Tylton
54%
Vacilys
54%
Babimanta
52%
Cresselia
52%
Dinoclier
52%
Draby
52%
Drascore
52%
Écayon
52%
Élekable
52%
Éoko
52%
Hippopotas
52%
Lovdisc
52%
Luminéon
52%
Maganon
52%
Mammochon
52%
Manzaï
52%
Noctunoir
52%
Obalie
52%
Ptiravi
52%
Rhinastoc
52%
Rozbouton
52%
Spiritomb
52%
Vortente
52%
Yanmega
52%
Bastiodon
50%
Branette
50%
Charkos
50%
Cheniselle
50%
Cheniti
50%
Coatox
50%
Coquiperl
50%
Coudlangue
50%
Cradopaud
50%
Crikzik
50%
Dimoret
50%
Kaimorse
50%
Kranidos
50%
Lockpin
50%
Mélokrik
50%
Okéoké
50%
Phione
50%
Rapion
50%
Tritosor
50%
Tropius
50%
Drackhaus
48%
Momartik
48%
Téraclope
48%
Hippodocus
46%
Métang
46%
Phogleur
46%
Relicanth
46%
Serpang
46%
Papilord
44%
Rosabyss
44%
Korillon
42%
Scarinho
38%
Polychombr
20%
Aucun quiz correspondant
Distribution des résultats
% des personnes avec chaque résultat
Percentile par nombre de réponses
Votre historique - résultats
Vous n’avez pas pris ce quiz